Movies Quiz

Random Movies or Quote Quiz

Clue Words Quiz Stats

 Plays Quiz not verified by Sporcle

Challenge
Share
Tweet
Embed
Score 0/126 Timer 12:00
0 Plays Today
Frequency Word % Correct
476the
98%
295I
92%
173a
92%
356you
84%
108we
84%
68do
84%
22an
84%
84he
82%
50who
82%
222to
80%
153it
80%
26she
80%
150in
78%
181and
76%
109is
76%
60on
76%
22where
76%
93no
74%
66Mr.
74%
40her
72%
21when
72%
19go
72%
146of
70%
124was
70%
82what
70%
31Mrs.
70%
58did
68%
53your
68%
64have
66%
72me
64%
62not
64%
60are
64%
53why
64%
42there
64%
32were
64%
29can
64%
18they
64%
72my
62%
69for
62%
16you're
62%
78but
60%
67so
60%
Frequency Word % Correct
56be
60%
49Boddy
60%
43if
60%
40how
60%
98all
58%
32dead
58%
27killed
58%
25could
58%
72one
56%
56him
56%
48us
56%
39it's
56%
110that
54%
68this
54%
49with
54%
41yes
54%
27would
54%
22gun
54%
21too
54%
57here
52%
44out
52%
42up
52%
33didn't
52%
32at
52%
22two
52%
20room
52%
31his
50%
64know
48%
36then
48%
34had
48%
18as
48%
60I'm
46%
30will
46%
64well
44%
58don't
44%
27cook
44%
18by
44%
29get
42%
27colonel
42%
22been
42%
15I'll
42%
21house
40%
Frequency Word % Correct
21study
40%
18any
40%
17Peacock
40%
16wasn't
40%
34from
38%
29or
38%
20see
38%
18door
38%
16am
38%
15police
38%
25going
36%
25them
36%
24look
36%
16butler
36%
30just
34%
37Yvette
32%
33right
32%
28that's
32%
23murderer
32%
22Wadsworth
32%
21like
32%
17think
32%
27now
30%
21good
30%
19got
30%
18secret
30%
15what's
30%
26there's
28%
21come
28%
15take
28%
18plus
26%
16key
26%
15very
26%
18sir
24%
51oh
22%
15work
22%
24about
20%
15away
20%
15which
20%
21mean
16%
15found
16%
19please
14%

You're not logged in!

Compare scores with friends on all Sporcle quizzes.
OR
Log In

You Might Also Like...

Show Comments

Extras

Top Quizzes Today


Score Distribution

Your Account Isn't Verified!

In order to create a playlist on Sporcle, you need to verify the email address you used during registration. Go to your Sporcle Settings to finish the process.

Report this User

Report this user for behavior that violates our Community Guidelines.

Details: